Statistics for WWAFAWDWG? - Debut Billie Eilish Album Tracklist

Click here to take the quiz!

General Stats

  • This quiz has been taken 97 times
  • The average score is 10 of 13

Answer Stats

Track% Correct
2Bad Guy
99%
3Xanny
86%
14Goodbye
82%
4You Should See Me in a Crown
80%
88
79%
13I Love You
79%
5All the Good Girls Go to Hell
78%
6Wish You Were Gay
78%
12Listen Before I Go
76%
10Bury a Friend
75%
7When the Party's Over
75%
11Ilomilo
74%
9My Strange Addiction
74%

Score Distribution

Percentile by Number Answered

Percent of People with Each Score

Your Score History

You have not taken this quiz